000 00309nam a2200133Ia 4500
008 230917s9999||||xx |||||||||||||| ||und||
040 _e150241
_aMAIN
041 _aEnglish
082 _a297 T541I
100 _atitus, Murray T
245 0 _aIsladm in India and Pakistan
300 _a327p p.
942 _cBK
999 _c215857
_d215857